000 00441nam a22001577a 4500
003 OSt
005 20220406041329.0
008 160509b xxu||||| |||| 00| 0 eng d
040 _aMMU
_beng.
_cMMU
_dMMU
050 _aQA371.35
_b.C66 2004
100 _aColeman.Matthew
245 _aan introduction to Partial Differential Equations with MATLAB/
_cMatthew P. Coleman.
300 _a671 p. :
650 _amathematics
942 _2lcc
_cLOAN LOAN
999 _c17201
_d17201